Memorias de un exilio : diario de la expulsión de los jesuitas de los dominios del rey de España, 1767-1768 / Manuel Luengo, S.I. ; estudio introductorio y notas de Inmaculada Fernández Arrfillaga

Gardado en:
Detalles Bibliográficos
Autor Principal: Luengo, Manuel (autor)
Outros autores: I.Fernández Arrillaga, Inmaculada, tr. (autor) (autor)
Formato: Libro
Series:Norte crítico : n. 5
Temas:
Etiquetas: Engadir etiqueta
Sen Etiquetas, Sexa o primeiro en etiquetar este rexistro!

MARC

LEADER 00000nam^a2200000^u^4500
001 000548275
005 20250521000000.0
008 060220s1000^^^^^^^^^^^^r^^^^^000^0^spa^d
009 20260310131449.041
022 |a 8479086394 
035 |a FMI 000018017 
037 |a Acervo Xavier Clavigero 
096 |a 3.3/43/A 
100 |a Luengo, Manuel  |e (autor) 
245 1 0 |a Memorias de un exilio : diario de la expulsión de los jesuitas de los dominios del rey de España, 1767-1768 / Manuel Luengo, S.I. ; estudio introductorio y notas de Inmaculada Fernández Arrfillaga 
264 |a San Vicente del Raspeig (España) : Universidad de Alicante 
300 |a 873 p. 
336 |a texto  |b txt  |2 rdacontenido 
337 |a sin mediación  |b n  |2 rdamedio 
338 |a volumen  |b nc  |2 rdasoporte 
440 0 |a Norte crítico : n. 5 
649 |a XX 
650 |a Historia de la Compañía de Jesús 
700 |a I.Fernández Arrillaga, Inmaculada, tr.  |e (autor) 
910 |a Fondo Francisco Migoya Covarrubias S.J. 
920 |a Impresos - Libros 
930 |a Fondos Especiales 
905 |a 134 
901 |a SBC26640  |b IT2  |c ESP  |u 20250521 
902 |a https://opac.biblio.iteso.mx/vufind/Record/000548275